Sharah-E-Manaqib Mohiuddin Ibn Arabi (Record no. 843)
[ view plain ]
| 000 -LEADER | |
|---|---|
| fixed length control field | 00649nam a2200241 a 4500 |
| 020 ## - INTERNATIONAL STANDARD BOOK NUMBER | |
| ISBN | |
| 082 00 - DEWEY DECIMAL CLASSIFICATION NUMBER | |
| Classification number | 297.4 |
| Author Cutter | MOO2 |
| 100 ## - MAIN ENTRY--AUTHOR NAME | |
| Author name | Moosvi, Al-Khalkhabi |
| 245 ## - TITLE STATEMENT | |
| Title | Sharah-E-Manaqib Mohiuddin Ibn Arabi |
| 260 ## - PUBLICATION, DISTRIBUTION, ETC. (IMPRINT) | |
| Place of publication | Tehran |
| Name of publisher | Khursheed Library |
| Year of publication | 1900 |
| 300 ## - PHYSICAL DESCRIPTION | |
| Number of Pages | 382p |
| 500 ## - GENERAL NOTE | |
| General note | includes index and biblioraphy |
| 505 2# - FORMATTED CONTENTS NOTE | |
| Formatted contents note | Aramaic Approach to the Four Gospels By Archdeacon Barkat Ullah |
| 650 ## - SUBJECT ADDED ENTRY--TOPICAL TERM | |
| Topical Term | Sufism-Ibn Arabi |
| 942 ## - ADDED ENTRY ELEMENTS (KOHA) | |
| Koha item type | Books |
| 700 1# - | |
| -- | Moosvi, Al-Khalkhabi |
| Collection code | Home library | Current library | Date acquired | Cost, normal purchase price | Full call number | Accession Number | Koha item type |
|---|---|---|---|---|---|---|---|
| Henry Martyn Institute Library | Henry Martyn Institute Library | 09/19/2007 | 100.00 | 297.4 MOO2 | 04681 | Books |
